00450nam a2200121Ia 4500008004100000041000800041082001200049100002600061245008900087260003200176999001700208952010300225240719s9999 xx 000 0 und d aeng a828 SUB aSubramanian, Nirupama aMurder On The Menu: The Sensational Story Of The Tycoon Who Founded Saravana Bhavan  aNew DelhibJuggernaut Books c41135d41135 00104070aIMTNbIMTNcRack 43-Ad2022-03-16o828 SUBp32830r2025-11-13 16:50:58w2024-07-19yBK